Dynamika trhu jak pochopit síly, které mění trhy, konkurenci a podnikání

Enregistré dans:
Détails bibliographiques
Auteur principal: Vojtko, Viktor
Autres auteurs: Mildeová, Stanislava
Format: Livre
Langue:tchèque
Publié: Praha Profess Consulting 2007
Sujets:
Tags: Ajouter un tag
Pas de tags, Soyez le premier à ajouter un tag!

MARC

LEADER 00000nam$a2200000$$$4500
001 0076376
005 20240313085714.3
020 |a 978-80-7259-052-0 
041 0 |a cze 
044 |a CZ 
245 1 0 |a Dynamika trhu  |b jak pochopit síly, které mění trhy, konkurenci a podnikání  |c Viktor Vojtko, Stanislava Mildeová 
264 1 |a Praha  |b Profess Consulting  |c 2007 
300 |a 124 s. 
610 2 0 |a trh 
610 2 0 |a konkurencia 
610 2 0 |a podnikanie 
610 2 0 |a hospodárstvo trhové 
610 2 0 |a komplexita 
610 2 0 |a dynamika systémov 
100 1 |a Vojtko, Viktor 
700 1 |a Mildeová, Stanislava